Państwa, których nazwy wymawia się inaczej, niż pisze - Statystyki

Ogólne statystyki
  • Ten quiz został rozwiązany 638 razy
  • Średni wynik to 5 z 10
Statystyki odpowiedzi
Państwo Poprawna wymowa % Poprawnych
Chile Czile
59%
Bhutan Butan
53%
Saint Lucia Sejnt Luszia
53%
Saint Kitts i Nevis Sejnt Kits i Newis
52%
Saint Vincent i Grenadyny Sejnt Wincent i Grenadyny
52%
Lesotho Lesoto
49%
Liechtenstein Lichtensztajn
49%
Ghana Gana
44%
Wyspy Marshalla Wyspy Marszala
39%
Gwinea Bissau Gwinea Bisau
30%
Nie znaleziono quizów pasujących do podanych kryteriów
Rozkład punktacji
Procent ludzi z każdym wynikiem
Percentyl według liczby udzielonych odpowiedzi
Twoja historia wyników
Nie rozwiązałeś tego quizu